La incidencia política de la sociedad civil

Uloženo v:
Podrobná bibliografie
Hlavní autoři: Acuña, Carlos H (Autor), Vacchieri, Ariana (Autor)
Médium: Kniha
Jazyk:španělština
Vydáno: Buenos Aires Siglo XXI 2007
Vydání:1a. ed
Témata:
Tagy: Přidat tag
Žádné tagy, Buďte první, kdo vytvoří štítek k tomuto záznamu!

MARC

LEADER 00000nam a2200000 a 4500
001 UCG4660
003 CL-VaPUC
008 101118e20070000AG |||||||||||||||||spa|d
020 |a 9789876290180 
082 0 4 |a 306.2  |b ACU  |2 21 
100 0 |a Acuña, Carlos H  |e author  |9 554052 
700 0 |a Vacchieri, Ariana  |e author  |9 554053 
245 1 3 |a La incidencia política de la sociedad civil 
250 |a 1a. ed 
300 |a 222 p 
942 |c BK 
945 |d 20101118 00:00:00  |a mfarfan 
260 |a Buenos Aires  |b Siglo XXI  |c 2007 
650 0 |a Sociología política   |9 255920 
650 0 |a Política  |9 255312 
583 |a last modification  |c 20101118 00:00:00  |k Rodrigo Vera 
999 |c 343330  |d 343328 
952 |0 0  |1 0  |4 0  |6 306_200000000000000_ACU_2007  |7 0  |8 A  |9 440566  |a BIBGIM  |b BIBGIM  |d 2019-11-22  |i 4736486  |l 1  |o 306.2 ACU 2007  |p 4736486  |r 2025-01-15  |s 2023-07-20  |w 2019-11-22  |y BK  |k SSL